| 000 | 00343nam a2200145Ia 4500 | ||
|---|---|---|---|
| 008 | 191201s2001 xx 000 0 und d | ||
| 082 |
_a670.423 _bCHW |
||
| 100 | _aCHAPMAN, W A J | ||
| 245 | 0 | _aWorkshop Technology Vol 2 | |
| 250 | _a2nd | ||
| 260 |
_aN.Delhi _bCBS Publishers _c2001 |
||
| 300 | _a399 | ||
| 650 | _aB.Tech(ME) | ||
| 942 |
_2ddc _cBK |
||
| 999 |
_c953 _d953 |
||